000 02010cad a22002655a 4500
001 E151643
008 101123s2010 xxk 000 0 eng u
020 _a9781842196274
035 _a(Sirsi) u151643
041 0 _aeng
050 0 4 _a690.2 $2 18
110 2 _aRoyal Institution of Chartered Surveyors
245 0 0 _aBuilding surveys and technical due diligence of commercial property
_c[archived]
250 _a4th ed.
260 _aCoventry
_bRICS
_c2010
490 0 _aRICS Guidance Note
_vGN 63/2010
520 _aSupersedes "Building surveys and inspections of commercial and industrial property" (2005). This guidance note has been prepared to provide surveyors and clients with a source of information and guidance in respect of commercial and industrial property surveys. Such surveys may also include large residential apartment buildings. This guidance is written to apply to England and Wales, although much of its content is equally applicable elsewhere. It is operative from October 2010. Superseded by Technical due diligence of commercial property ISBN 9781783213788
520 _aSupersedes third edition (ISBN 1842191934).
520 _aSuperseded by Technical due diligence of commercial property 1st edition, global guidance note (ISBN 9781783213788) which replaces • Building surveys and technical due diligence of commercial property, England and Wales (fourth edition) • Technical due diligence of commercial and industrial property, Australia (first edition) • Technical due diligence of commercial and industrial property, New Zealand (first edition) • Technical due diligence of commercial, industrial and residential property in Continental Europe (first edition).
590 _aKA NTK
651 4 _aEngland and Wales
690 _aBuilding surveying
_96225
856 4 0 _uhttps://www.isurv.com/downloads/download/135/building_surveys_and_technical_due_diligence_of_commercial_property_archived
_zArchived on iSurv (subscription required)
942 _n0
999 _c111510
_d111510